000 00434nam a22001457a 4500
005 20180823131852.0
020 _a8170002755
_c575.00
035 _aB-31464, B-031466
037 _aDPL
_bENG
100 _aNair, R. Raman
245 _aInternet for library and information services /
_cby R. Raman Nair
260 _aNew Delhi
_bEss Ess Publications
_c1999
300 _a253p.
_c20 cms.
942 _2ddc
_cEN
_h021.65
_mNAI
999 _c63315
_d63315